Microcomputers / (Record no. 176520)

000 -LEADER
fixed length control field 00619 a2200181 4500
003 - CONTROL NUMBER IDENTIFIER
control field Nust
005 - DATE AND TIME OF LATEST TRANSACTION
control field 20230525122526.0
020 ## - INTERNATIONAL STANDARD BOOK NUMBER
International Standard Book Number 0852747705
040 ## - CATALOGING SOURCE
Transcribing agency Nust
082 ## - DEWEY DECIMAL CLASSIFICATION NUMBER
Classification number 004.16,JON
100 ## - MAIN ENTRY--PERSONAL NAME
Personal name Jones, D.G. C.
9 (RLIN) 112597
245 ## - TITLE STATEMENT
Title Microcomputers /
Statement of responsibility, etc. D G C Jones
260 ## - PUBLICATION, DISTRIBUTION, ETC.
Place of publication, distribution, etc. Boston
Name of publisher, distributor, etc. Adam Hilger
Date of publication, distribution, etc. 1985
300 ## - PHYSICAL DESCRIPTION
Extent 54 p.
505 ## - FORMATTED CONTENTS NOTE
Formatted contents note How the Computer Works (Page-1), The Input / Output Interface (Page-9), Mass Storage of Data (Page-17), Software (Page-23), More on Software-Some Notes on Basic (Page-33), Interfacing to the Real World (Page-39).
650 ## - SUBJECT ADDED ENTRY--TOPICAL TERM
Topical term or geographic name entry element Microcomputers
9 (RLIN) 8096
942 ## - ADDED ENTRY ELEMENTS (KOHA)
Source of classification or shelving scheme
Koha item type Book Bank
Holdings
Withdrawn status Lost status Source of classification or shelving scheme Damaged status Not for loan Permanent Location Current Location Shelving location Date acquired Full call number Barcode Date last seen Price effective from Koha item type Public note
          Military College of Signals (MCS) Military College of Signals (MCS) General Stacks 12/12/2016 004.16,JON MCS3143 12/08/2016 12/12/2016 Book Almirah No.79, Shelf No.3
          Military College of Signals (MCS) Military College of Signals (MCS) General Stacks 12/12/2016 004.16,JON MCS3144 12/08/2016 12/12/2016 Book Almirah No.79, Shelf No.3
© 2023 Central Library, National University of Sciences and Technology. All Rights Reserved.